Inglés fácil para todos / (Registro nro. 11564)

Detalles MARC
000 -LIDER
fixed length control field 00842nam a22002777a 4500
001 - NÚMERO DE CONTROL
Identificador de número de control 0011620
003 - IDENTIFICACDOR DE NÚMERO DE CONTROL
control field DO-SdBNP
005 - DATE AND TIME OF LATEST TRANSACTION
control field 20240417132704.0
007 - CAMPOS FIJOS DE DESCRIPCIÓN FÍSICA
fixed length control field 0011620
008 - ELEMENTOS DE LONGITUD FIJA
fixed length control field 161013b2006 uy| 00| 0 spa d
020 ## - ISBN
International Standard Book Number 9974791448 (o.c.)
040 ## - FUENTE DE CATALOGACIÓN
Agencia que crea de manera original el registro BPMSU
Idioma de catalogación spa
Agencia que realiza la transcripción BPMSU
082 #4 - NÚMERO DE CLASIFICACIÓN DECIMAL DE DEWEY
Classification number 420
Item number I68i 2006
Edition number 22
100 1# - ASIENTO PRINCIPAL -- NOMBRE PERSONAL
Nombre personal Iribareen, Mario
245 10 - MENCIÓN DE TITULO
Título Inglés fácil para todos /
Mención de responsabilidad redacción Mario Iribarren
246 14 - VARIACION DEL TÍTULO
Título propiamente dicho o título corto Curso práctico autodidacta para todos
260 ## - PUBLICACIÓN, DISTRIBUCIÓN, ETC. (PIE DE IMPRENTA)
Lugar de publicación, distribución, etc Montevideo :
Nombre del editor, distribuidor, etc. Arquetipo Grupo Editorial,
Fecha de publicación, distribución, etc 2006.
300 ## - DESCRIPCIÓN FÍSICA
Extensión 360 p. :
Otros detalles físicos il.,
Dimensiones 28 cm.
590 ## - NOTA LOCAL
Texto de la nota local Inventariado, 2024/VM
650 #4 - ENCABEZAMIENTO DE MATERIA--TEMÁTICO
Término temático o nombre geográfico como elemento de entrada Inglés
Subdivisión temática general Enseñanza
650 #4 - ENCABEZAMIENTO DE MATERIA--TEMÁTICO
Término temático o nombre geográfico como elemento de entrada Inglés
Subdivisión temática general Composición y ejercicios
910 ## - VALIDACIÓN
Validación Validado. Control de calidad MFF
942 ## - ADDED ENTRY ELEMENTS (KOHA)
Source of classification or shelving scheme Dewey Decimal Classification
Koha item type Libros
945 ## - INFORMACIÓN DE PROCESAMIENTO LOCAL
Información de procesamiento local Inventario / 2017 VM
956 ## - LOCAL ELECTRONIC LOCATION AND ACCESS (OCLC)
Nombre de host BTAVÁREZ
Número de acceso 10
Información de compresión 20161013
Trayectoria 0011620
Existencias
Withdrawn status Lost status Source of classification or shelving scheme Damaged status Not for loan Collection code Home library Current library Date acquired Source of acquisition Total Checkouts Full call number Barcode Date last seen Price effective from Koha item type
    Dewey Decimal Classification     Colección General Biblioteca Pública Metropolitana Salomé Ureña Biblioteca Pública Metropolitana Salomé Ureña 10/13/2016 Compra   BPMSU CG 420 I68i 2006 BPMSU16100164 10/13/2016 10/13/2016 Libros